Meeting the Third World challenge / (Record no. 41924)
[ view plain ]
| 000 -LEADER | |
|---|---|
| fixed length control field | 01053nam a2200301 a 4500 |
| 001 - CONTROL NUMBER | |
| control field | 41924 |
| 003 - CONTROL NUMBER IDENTIFIER | |
| rucl marc code | BD-RjUL |
| 005 - DATE AND TIME OF LATEST TRANSACTION | |
| control field | 20211209053454.0 |
| 008 - FIXED-LENGTH DATA ELEMENTS--GENERAL INFORMATION | |
| fixed length control field | 160607s1976 enk b 001 0 eng |
| 020 ## - INTERNATIONAL STANDARD BOOK NUMBER | |
| International Standard Book Number | 0333150163 |
| Terms of availability | : L.10.00 |
| 035 ## - SYSTEM CONTROL NUMBER | |
| System control number | (BD-RjUL)42042 |
| System control number | 686214 |
| 040 ## - CATALOGING SOURCE | |
| Original cataloging agency | LC |
| Language of cataloging | eng |
| Transcribing agency | LC |
| Modifying agency | ABN:1 |
| 041 ## - LANGUAGE CODE | |
| Language code of text/sound track or separate title | eng |
| 082 04 - DEWEY DECIMAL CLASSIFICATION NUMBER | |
| Classification number | 338.91172 |
| Author mark and year | MAM 1976 |
| 100 1# - MAIN ENTRY--PERSONAL NAME | |
| Personal name | MacBean, Alasdair I. |
| 9 (RLIN) | 128838 |
| 245 10 - TITLE STATEMENT | |
| Title | Meeting the Third World challenge / |
| Statement of responsibility, etc. | Alasdair I. MacBean and V. N. Balasubramanyam. |
| 260 ## - PUBLICATION, DISTRIBUTION, ETC. (IMPRINT) | |
| Place of publication, distribution, etc. | London : |
| Name of publisher, distributor, etc. | Macmillan Press for the Trade Policy Research Centre, |
| Date of publication, distribution, etc. | 1976. |
| 300 ## - PHYSICAL DESCRIPTION | |
| Pagination | xvi, 272 p. ; |
| Size | 22 cm. |
| 490 0# - SERIES STATEMENT | |
| Series statement | World economic issues ; |
| Volume/sequential designation | 3 |
| 504 ## - BIBLIOGRAPHY, ETC. NOTE | |
| Bibliography, etc | Includes Bibliography and index. |
| 650 #0 - SUBJECT ADDED ENTRY--TOPICAL TERM | |
| Topical term or geographic name as entry element | International economic relations. |
| 9 (RLIN) | 128839 |
| 651 #0 - SUBJECT ADDED ENTRY--GEOGRAPHIC NAME | |
| Geographic name | Developing countries |
| General subdivision | Economic policy. |
| 9 (RLIN) | 128840 |
| 700 1# - ADDED ENTRY--PERSONAL NAME | |
| Personal name | Balasubramanyam, V. N. |
| Fuller form of name | (Vudayagiri N.), |
| Dates associated with a name | 1937-, |
| Relator term | joint author. |
| 710 2# - ADDED ENTRY--CORPORATE NAME | |
| Corporate name or jurisdiction name as entry element | Trade Policy Research Centre (London, England) |
| 9 (RLIN) | 128842 |
| 942 ## - ADDED ENTRY ELEMENTS (KOHA) | |
| Source of classification or shelving scheme | Dewey Decimal Classification |
| Koha item type | Books |
| Lost status | Source of classification or shelving scheme | Damaged status | Not for loan | Collection code | Permanent Location | Current Location | Shelving location | Date acquired | Source of acquisition | Cost, normal purchase price | Total Checkouts | Full call number | Date last seen | Copy number | Koha item type |
|---|---|---|---|---|---|---|---|---|---|---|---|---|---|---|---|
| Dewey Decimal Classification | Non-fiction | Central Library, University of Rajshahi | Central Library, University of Rajshahi | 18/08/1979 | Heffer | 10.00 | 338.91172 MAM 1976 | 07/06/2016 | C-2 | Books |